000 00840nas a2200241 i 4500
001 2574
003 ES-MaACL
005 20250709054510.0
007 t|
008 950801d1884 sp ar p | 1 |spa d
080 _a(059)(460)
245 0 0 _aAlmanaque del Diario de avisos de Zaragoza :
_bgratis a los suscritores del mismo.
260 _a[Zaragoza :
_bDiario de Avisos de Zaragoza,
_c1884-]
_e(Madrid :
_fTip. de Calisto Ariño)
300 _a1 v. ;
_c16 cm.
310 _aAnual
530 _aDisponible en formato digital
655 0 _aAlmanaques
_9241262
852 4 _aES-MaACL
_jT-402-F-6
_cDEPOF
856 4 _uhttps://prensahistorica.mcu.es/es/consulta/registro.do?id=1029739
_yVersión en línea
_z(Biblioteca Virtual de Prensa Histórica)
866 0 _o1884.
942 _2udc
_cPERIODICA
_n0
999 _c2574
_d2574